Actors / Actresses Chain #12 - Statistics

General Stats
  • This quiz has been taken 80 times
  • The average score is 21 of 38
Answer Stats
Answer Hint % Correct
John Travolta Get Shorty
97%
John Travolta Grease
97%
Olivia Newton-John Grease
91%
Olivia Newton-John Xanadu
91%
Marilyn Monroe The Misfits
80%
Marilyn Monroe Some Like It Hot
80%
Will Ferrell The Campaign
80%
Will Ferrell Elf
80%
Kevin Bacon Footloose
79%
Marlon Brando The Godfather
79%
Marlon Brando A Streetcar Named Desire
79%
Matt LeBlanc Friends (TV Show)
68%
Matt LeBlanc Lost in Space
68%
Vivien Leigh A Streetcar Named Desire
59%
Vivien Leigh Gone with the Wind
59%
Gene Kelly Xanadu
58%
Gene Kelly Singin' in the Rain
58%
Jack Lemmon Some Like It Hot
58%
Jack Lemmon Grumpy Old Men
58%
Clark Gable Gone with the Wind
56%
Clark Gable The Misfits
56%
Lisa Kudrow Mother
55%
Lisa Kudrow Friends (TV Show)
55%
Bette Midler Hocus Pocus
48%
Bette Midler Get Shorty
48%
James Caan Elf
45%
James Caan The Godfather
45%
Sarah Jessica Parker Footloose
44%
Sarah Jessica Parker Hocus Pocus
44%
Zach Galifianakis The Hangover
39%
Zach Galifianakis The Campaign
39%
Debbie Reynolds Singin' in the Rain
30%
Debbie Reynolds Mother
30%
Heather Graham Lost in Space
17%
Heather Graham The Hangover
17%
Ann-Margret Grumpy Old Men
8%
Ann-Margret Going in Style
8%
Michael Caine Going in Style
6%
No matching quizzes found
Score Distribution
Percent of People with Each Score
Percentile by Number Answered
Your Score History
You have not taken this quiz